Globalizácia svetovej ekonomiky a potreba ochrany hospodárskej súťaže

Globalizácia ako fenomén súčasnej doby. Slobodný pohyb kapitálu, tovaru a služieb, rozvoj elektroniky a informačných technológií. Súperenie výrobcov o spotrebiteľa a hospodárska súťaž. Otváranie sociálnych nožníc medzi bohatými a chudobnými.

Salvato in:
Dettagli Bibliografici
Autore principale: Tóth, Miroslav, 1961-
Altri autori: Tóthová, Alena, 1968-, Matušovič, Martin
Natura: Capitolo di libro
Lingua:slovacco
Soggetti:
Tags: Aggiungi Tag
Nessun Tag, puoi essere il primo ad aggiungerne!!

MARC

LEADER 00000nla$a2200000$$$4500
001 0128770
005 20240502072458.5
041 0 |a slo 
044 |a SK 
245 1 0 |a Globalizácia svetovej ekonomiky a potreba ochrany hospodárskej súťaže  |c Miroslav Tóth, Alena Tóthová, Martin Matušovič 
520 |a Globalizácia ako fenomén súčasnej doby. Slobodný pohyb kapitálu, tovaru a služieb, rozvoj elektroniky a informačných technológií. Súperenie výrobcov o spotrebiteľa a hospodárska súťaž. Otváranie sociálnych nožníc medzi bohatými a chudobnými. 
610 2 0 |a globalizácia 
610 2 0 |a hospodárstvo svetové 
610 2 0 |a problémy globálne 
610 2 0 |a nový ekonomický poriadok 
610 2 0 |a procesy sociálno-ekonomické 
610 2 0 |a trh svetový 
610 2 0 |a súťaž hospodárska 
610 2 0 |a konkurencieschopnosť 
100 1 |a Tóth, Miroslav, 1961- 
700 1 |a Tóthová, Alena, 1968- 
700 1 |a Matušovič, Martin